The great train robbery
Saved in:
| Main Author: | |
|---|---|
| Format: | Book |
| Language: | English |
| Published: |
Alfred A. Knopf
1975
|
| Tags: |
Add Tag
No Tags, Be the first to tag this record!
|
MARC
| LEADER | 00000nam a22000007a 4500 | ||
|---|---|---|---|
| 008 | 201210b ||||| |||| 00| 0 eng d | ||
| 020 | |a 0-394-49401-6 | ||
| 100 | |a CRICHTON, Michael | ||
| 245 | |a The great train robbery |c Michael Crichton |g xvii, 266p. | ||
| 260 | |b Alfred A. Knopf |c 1975 |h New York |i 686259 |l PZ4 .C84 |m Train robberies – Fiction | ||
| 942 | |a lcc |c BK |e Kuteyi M. A. |f 10/12/2020 | ||
| 952 | |0 0 |1 0 |2 lcc |4 0 |6 PZ0004 C84 |7 0 |9 282 |a HOL |b HOL |c LP |d 2020-12-10 |l 0 |o PZ4 .C84 |p 2020-2020 |r 2020-12-10 00:00:00 |w 2020-12-10 |y BK | ||
| 999 | |c 121 |d 121 | ||